Les villes fortifiées par Vauban en France - Carte - Statistiques

Statistiques générales
  • Ce quiz a été pris 44 fois
  • Le résultat moyen est 29 sur 73
Réponses sur la Carte
Les réponses sont colorées sur une échelle allant du rouge au vert en fonction du pourcentage des utilisateurs qui les ont devinées à leur premier essai. Vous pouvez retrouver ces pourcentages ci-dessous.
 
Statistiques - réponses
Catégorie Nom % Correct
Citadelle et ville fortifiée Brest
88%
Ville fortifiée La Rochelle
88%
Citadelle et ville fortifiée Lille
88%
Citadelle et ville fortifiée Strasbourg
85%
Citadelle et ville fortifiée Perpignan
83%
Citadelle et ville fortifiée Bayonne
80%
Ville fortifiée Cherbourg
80%
Ville fortifiée Toul
80%
Citadelle et ville fortifiée Calais
78%
Citadelle et ville fortifiée Dunkerque
78%
Ville fortifiée Saint-Malo
78%
Citadelle et ville fortifiée Besançon
75%
Citadelle et ville fortifiée Metz
75%
Ville fortifiée Nancy
75%
Citadelle et ville fortifiée Arras
73%
Citadelle et ville fortifiée Belfort
73%
Ville fortifiée Toulon
73%
Ville neuve fortifiée Rochefort
68%
Ville fortifiée Briançon
65%
Citadelle et ville fortifiée Nice
65%
Ville fortifiée Marseille
63%
Citadelle et ville fortifiée Mézières
63%
Citadelle et ville fortifiée Nîmes
63%
Ville fortifiée Abbeville
60%
Ville fortifiée Thionville
58%
Citadelle et ville fortifiée Valenciennes
58%
Ville fortifiée Grenoble
55%
Citadelle et ville fortifiée Sedan
55%
Citadelle et ville fortifiée Le Château d'Oléron
53%
Citadelle et ville fortifiée Verdun
53%
Ville fortifiée Antibes
45%
Ville fortifiée Concarneau
45%
Ville fortifiée Douai
43%
Ville fortifiée Sélestat
40%
Ville fortifiée Maubeuge
38%
Citadelle et ville fortifiée Collioure
35%
Ville neuve fortifiée Longwy
33%
Citadelle et ville fortifiée Sisteron
33%
Citadelle et ville fortifiée Citadelle de Blaye
30%
Ville fortifiée Gravelines
28%
Citadelle et ville fortifiée Montreuil-sur-Mer
28%
Ville neuve fortifiée Neuf-Brisach
25%
Citadelle et ville fortifiée Saint-Martin-de-Ré
25%
Citadelle et ville fortifiée Bitche
23%
Ville fortifiée Embrun
23%
Citadelle et ville fortifiée Givet - Charlemont
23%
Ville neuve fortifiée Mont-Louis
23%
Citadelle et ville fortifiée Saint-Jean-Pied-de-Port
23%
Ville fortifiée Villefranche-de-Conflent
23%
Ville fortifiée Avesnes-sur-Helpe
20%
Citadelle et ville fortifiée Le Palais
20%
Ville neuve fortifiée Mont-Dauphin
20%
Citadelle et ville fortifiée Rocroi
20%
Citadelle et ville fortifiée Port-Louis
18%
Ville fortifiée Bergues
15%
Ville fortifiée Brouage
15%
Ville neuve fortifiée Phalsbourg
15%
Ville fortifiée Montmédy
13%
Ville fortifiée Saint-Paul-de-Vence
13%
Ville fortifiée Navarrenx
10%
Ville fortifiée Condé-sur-l'Escaut
8%
Ville fortifiée Le Quesnoy
8%
Ville fortifiée Marsal
8%
Ville fortifiée Prats-de-Mollo
8%
Ville fortifiée Auxonne
5%
Ville fortifiée Colmars
5%
Citadelle et ville fortifiée Entrevaux
5%
Ville neuve fortifiée Fort-Louis
5%
Citadelle et ville fortifiée Seyne
5%
Ville fortifiée Aire-sur-la-Lys
3%
Ville fortifiée Bouchain
3%
Ville neuve fortifiée Huningue
3%
Ville fortifiée Landrecies
3%
Aucun quiz correspondant
Distribution des résultats
% des personnes avec chaque résultat
Percentile par nombre de réponses
Votre historique - résultats
Vous n’avez pas pris ce quiz